| 000 | 00953nam a22002897a 4500 | ||
|---|---|---|---|
| 001 | 5264 | ||
| 003 | FISKH | ||
| 005 | 20241121152153.0 | ||
| 008 | 241121b cb ||||| |||| 00| 0 eng d | ||
| 020 | _a9780545477543 | ||
| 040 |
_aFISKH _beng _cFISKH _dFISKH |
||
| 050 | _aHG179.C5359 | ||
| 082 | _a332.024 | ||
| 100 | _aChatzky, Jean | ||
| 245 |
_aNot Your Parents' Money Book : _bMaking, Saving, and Spending Your Own Money / _cby Jean Chatzky |
||
| 260 |
_aNew York : _bScholastic ; _c2010 . |
||
| 300 |
_a162 pages : _billustrations ; _c22 cm . |
||
| 505 | _aZ | ||
| 520 | _aJean Chatzky offers advice to middle schoolers about their personal finances, describing ways to make, save, and spend money responsibly. | ||
| 521 | 8 |
_a1030
_bLexile |
|
| 521 | 8 |
_aZ
_bRaz-Plus |
|
| 650 |
_aeconomics _vnon-fiction |
||
| 650 |
_afinance _vnon-fiction |
||
| 700 |
_aHaya, Erwin _eillustrator |
||
| 942 |
_2ddc _cBK _n0 |
||
| 999 |
_c5264 _d5264 |
||